Quizzes
Events
Quiz Creation
Community
Videos
Private Events
Remove Ads
Sign In
Join for FREE
Feedback
Dark Mode
Quiz Categories
Sports
Geography
Music
Movies
Television
Just For Fun
Miscellaneous
History
Literature
Language
Science
Gaming
Entertainment
Religion
Holiday
For Kids
Quiz Lab
Recent
Popular Today
Quiz Kudos Today
Editor Picks
Curator Picks
Quizzes by...
Day
Popularity
Type
Ratings
Length
Year
Community
Subscriptions
Recent Discussions
Orange Saloon
Badges
Playlists
Quests
Create
Leaderboards
Showdown
Live 5
Trivia Bingo
Activity
Puzzle Library
Sporcle Events
Private Events
Virtual Trivia
Globe League
Become a Host
Pub Owners
SporcleCon
Opinionation
Our Games
Videos
Blog
Mobile Apps
Partnerships
Remove Ads and Go Orange
Feedback
Sports
Athletes
MLB
NBA
NHL
NFL
Soccer
Sports Teams
WWE
NCAA
Football
Premier League
Basketball
Baseball
Hockey
Golf
Tennis
Cricket
Rugby
Auto Racing
Olympics
World Cup
Sports
Athletes
MLB
NBA
NHL
NFL
Soccer
Sports Teams
WWE
NCAA
Football
Premier League
Basketball
Baseball
Hockey
Golf
Tennis
Cricket
Rugby
Auto Racing
Olympics
World Cup
Random Quiz
Search Sporcle
×
Quiz Lab
Quiz Lab
Sports
Country
Type in answers that appear in a list
Type in answers that appear in a list
Classic
Best Score? Go Orange.
2017 NBA First Round Draft Picks Stats
Can you name the first round picks of the 2017 NBA Draft?
By
ImLordOfTheFlies
6m
30 Questions
195 Plays
195 Plays
195 Plays
Comments
Comments
Give Quiz Kudos
Give Quiz Kudos
-
- Ratings
hide this ad
More Info
Replay
Link that replays current quiz
Next Quiz
Link to next quiz in quiz playlist
You Got
0%
They Got
Avg Score
66%
Avg Friend Score
Upgrade to see
Score Distribution
Jump to the score distribution portion of the page
Score
0/30
Timer
06:00
0
Plays Today
Team
Player
% Correct
2. Los Angeles Lakers
Lonzo Ball
97.9%
1. Philadelphia 76ers
Markelle Fultz
97.4%
3. Boston Celtics
Jayson Tatum
96.4%
5. Sacramento Kings
De'Aaron Fox
95.4%
4. Phoenix Suns
Josh Jackson
93.8%
15. Portland Trail Blazers (traded to SAC)
Justin Jackson
92.8%
9. Dallas Mavericks
Dennis Smith Jr.
85.6%
11. Charlotte Hornets
Malik Monk
80%
6. Orlando Magic
Jonathan Isaac
79%
10. Sacramento Kings (traded to POR)
Zach Collins
79%
19. Atlanta Hawks
John Collins
79%
7. Minnesota Timberwolves (traded to CHI)
Lauri Markkanen
76.9%
13. Denver Nuggets (traded to UTA)
Donovan Mitchell
73.3%
14. Miami Heat
Bam Adebayo
73.3%
8. New York Knicks
Frank Ntilikina
71.8%
Team
Player
% Correct
12. Detroit Pistons
Luke Kennard
64.1%
18. Indiana Pacers
T.J. Leaf
63.1%
20. Portland Trail Blazers (traded to SAC)
Harry Giles
57.9%
30. Utah Jazz (traded to LAL)
Josh Hart
57.9%
22. Brooklyn Nets
Jarrett Allen
57.4%
27. Brooklyn Nets (traded to LAL)
Kyle Kuzma
53.8%
23. Toronto Raptors
OG Anunoby
53.3%
29. San Antonio Spurs
Derrick White
52.8%
16. Chicago Bulls (traded to MIN)
Justin Patton
50.8%
26. Portland Trail Blazers
Caleb Swanigan
48.7%
21. Oklahoma City Thunder
Terrance Ferguson
47.7%
17. Milwaukee Bucks
D.J. Wilson
44.1%
24. Utah Jazz (traded to DEN)
Tyler Lydon
34.4%
28. Los Angeles Lakers (traded to UTA)
Tony Bradley
30.8%
25. Orlando Magic (traded to PHI)
Anžejs Pasečņiks
19.5%
Quiz Playlist
Details
Report
Send in Message
Add To Playlist
More Info:
If a country is listed, that is where the player played professionally. It is not necessarily the country in which they were born.
Classic:
Type in answers that appear in a list
Quiz Source
Last Updated: Jun 22, 2017
Quiz Scoreboard
CHALLENGE
Sign Up to Join the Scoreboard
Show All
Scores
Hide
Comments
May contain spoilers
Recently Published
Popular People in 1961
by mucciniale
History
6m
1-10 Letter E Words III
by El_Dandy
Language
2m
One Thing in Common: World Cities II
by knightlancer
Geography
7m
More to Explore
Quiz From the Vault
Featured Blog Post
Where Did the Easter Bunny Come From?
hide this ad
You Might Also Like...
Tags
Country Quiz
NBA Quiz
2017
Draft
NBA Draft
Player
round
school
team
Today's Top Quizzes in Sports
Browse Sports
hide this ad
Today's Top Quizzes in Country
Browse Country
Top Contributed Quizzes in Sports
1
Les meilleurs buteurs des matchs entre le PSG et l’OM
2
Les entraîneurs de l'OM et du PSG au 21e siècle
3
FIFA Club World Cup Champions
4
2022 World Cup Stars
5
Name the Premier League winners with different clubs
6
La finale Lions - Afrique du Sud 2021
7
Criteria MLB: Left Handed Sluggers
8
Players with Multiple 50 Home Run Seasons
9
MLB Players with Two .350 Batting Average Seasons
10
MLB Hall of Famer by Rings
Explore More
Trending Topics
Anime
Crossword
Harry Potter
Disney
Kpop
Marvel
NBA
Soccer
Puzzle
NFL
WWE
Pokémon
The Office
Country
Song
hide this ad
More By:
ImLordOfTheFlies
Quiz
Plays
Rating
Category
Featured
Created
Queen Song Start Spree
5,937
4.64
Music
Sep 26, 2011
2016 MLB Opening Day Lineups
4,515
4.50
Sports
Apr 5, 2016
Queen Song Start Spree 2
2,885
4.89
Music
Oct 2, 2011
Lord of the Flies Trivia
2,741
3.00
Literature
Feb 7, 2011
World Capital Blitz (Clickable)
876
4.40
Geography
Nov 29, 2013
Go to Creator's Profile
Score Distribution
Quiz Creator Spotlight
ImLordOfTheFlies
Follow
Send a Message
Quizzes Created
-
Created Quiz Play Count
-
More By This Creator
Popular Quizzes Today
1
Find the US States - No Outlines Minefield
2
Find the Countries of Europe - No Outlines Minefield
3
The Countries of the World
4
Popular People in 1961
5
1-10 Letter E Words III
6
Find the US States
7
One Thing in Common: World Cities II
8
US States
More Sports Quizzes
Top 5 Single Season Passers By Franchise
Published
Trending Quizzes
Risky Map Clicking: Least Populous States A-Z
1-10 Letter F Words
1-10 Letter G Words
One Thing in Common: United Kingdom
Risky Map Clicking: Next State Alphabetically
Recently Updated
Leaping Animals
pecheneg
Reality TV Shows (A-Z)
bhenderson79
Rickey Henderson's Hall of Fame Teammates
pecheneg
Champions League XIs: Arsenal
pecheneg
Quick Pick: Celebrities in WWE's Hall of Fame
aduchscher
A-Z Keypad Blitz II
pecheneg
Multiple Oscar Actors
pecheneg
Mystery Phrase Blitz: Oscar 'Best Actors'
pecheneg
F. Scott Fitzgerald Novels
LTH
Pick 3 Villains
ddd62291
Trending Topics
NBA
Disney
Marvel
Kpop
Harry Potter
Crossword
Anime
The Office
Puzzle
Pokémon
Country
Soccer
WWE
Song
NFL
Your Account Isn't Verified!
In order to create a playlist on Sporcle, you need to verify the email address you used during registration. Go to your
Sporcle Settings
to finish the process.
Report this User
Report this user for behavior that violates our
Community Guidelines
.
Details:
Send Report
Go to the Sporcle.com Mobile Site →
Comments